Impact assessment study of women in panchayat and gram sabha on capacity building (Record no. 492323)

000 -LEADER
fixed length control field 00440cam a22001217a 4500
008 - FIXED-LENGTH DATA ELEMENTS--GENERAL INFORMATION
fixed length control field 180718b2002 xxu||||| |||| 00| 0 eng d
082 ## - DEWEY DECIMAL CLASSIFICATION NUMBER
Classification number PROJ.REP. 2000/MUK
100 ## - MAIN ENTRY--PERSONAL NAME
Personal name Mukhopadhyay, Lipi
245 ## - TITLE STATEMENT
Title Impact assessment study of women in panchayat and gram sabha on capacity building
Statement of responsibility, etc. by Lipi Mukhopadhyay
260 ## - PUBLICATION, DISTRIBUTION, ETC.
Place of publication, distribution, etc. New Delhi
Name of publisher, distributor, etc. Indian Institute of Public Administration
Date of publication, distribution, etc. 2002
300 ## - PHYSICAL DESCRIPTION
Extent 31+p.
440 ## - SERIES STATEMENT/ADDED ENTRY--TITLE
Title IIPA Working Paper, 2000: 5
Holdings
Withdrawn status Lost status Damaged status Not for loan Permanent Location Current Location Date acquired Full call number Barcode Date last seen Price effective from Koha item type
        Indian Institute of Public Administration Indian Institute of Public Administration 2018-08-04 PROJ.REP. 2000/MUK GR16245 2018-08-04 2018-08-04 GR
        Indian Institute of Public Administration Indian Institute of Public Administration 2018-08-04 PROJ.REP. 2000/MUK GR16169 2018-08-04 2018-08-04 GR

Powered by Koha